000 01133nam a2200337Ia 4500
001 Para_9123
003 CHAP
008 220125s2006 xx 000 0 und d
010 _a207876
040 _cCHAP
090 _aPA TESIS 1967
100 _aChávez Pérez, Esteban
_922756
245 _aImpacto de enemigos naturales en el mariposario del parque eco-arqueológico Xcaret, Quintana Roo /
_c por Esteban Chávez Pérez
260 _aChapingo, Méx. :
_b el autor
300 _a94 h.
502 _aTesis (Ing. Agr. Esp. en Parasitología Agrícola) -- UACh. Departamento Parasitología Agrícola
650 _aBacillus thuringiensis
_99298
650 _aEcología de insectos
_935172
650 _aEnemigos naturales
_9174347
650 _aInsectos parásitos y predatores
_958961
650 _aLepidopteros
_966252
650 _aMariposas
_971395
710 _aUACh. Departamento Parasitología Agrícola
_9164025
901 _aPA TESIS 1967
902 _aA
905 _a0000002006 AN 0000000000spa00
910 _a2006
942 _cPARA
942 _cPARA
_d2
999 _c207876
_d207876